|
|
|
|
| LEADER |
00000nam0a2200000 4500 |
| 001 |
68074 |
| 005 |
20231031074501.0 |
| 010 |
|
|
|a 594723906X
|
| 035 |
|
|
|a (RuTPU)RU\TPU\book\72473
|
| 090 |
|
|
|a 68074
|
| 100 |
|
|
|a 20040929d2004 m y0rusy50 ca
|
| 101 |
0 |
|
|a rus
|
| 102 |
|
|
|a RU
|
| 105 |
|
|
|a y j 001zy
|
| 200 |
1 |
|
|a Социальная психология
|e учебник для вузов
|f Н. И. Семечкин
|
| 210 |
|
|
|a СПб.
|c Питер
|d 2004
|
| 215 |
|
|
|a 376 с.
|
| 225 |
1 |
|
|a Учебник нового века
|
| 320 |
|
|
|a Библиогр.: с. 363-372.
|
| 320 |
|
|
|a Предметный указатель: с. 373-375.
|
| 610 |
1 |
|
|a психология
|
| 610 |
1 |
|
|a социальная психология
|
| 610 |
1 |
|
|a личность
|
| 610 |
1 |
|
|a массы
|
| 610 |
1 |
|
|a вожди
|
| 610 |
1 |
|
|a психологические теории
|
| 610 |
1 |
|
|a психологические исследования
|
| 610 |
1 |
|
|a теории личности
|
| 610 |
1 |
|
|a самосознание
|
| 610 |
1 |
|
|a поведение
|
| 610 |
1 |
|
|a контроль
|
| 610 |
1 |
|
|a социальное познание
|
| 610 |
1 |
|
|a социальное поведение
|
| 610 |
1 |
|
|a межличностные коммуникации
|
| 610 |
1 |
|
|a вербальные коммуникации
|
| 610 |
1 |
|
|a невербальная коммуникация
|
| 610 |
1 |
|
|a социальное влияние
|
| 610 |
1 |
|
|a конформизм
|
| 610 |
1 |
|
|a уступчивость
|
| 610 |
1 |
|
|a подчинение
|
| 610 |
1 |
|
|a сопротивление
|
| 610 |
1 |
|
|a социальные установки
|
| 610 |
1 |
|
|a убеждение
|
| 610 |
1 |
|
|a группы
|
| 610 |
1 |
|
|a групповое поведение
|
| 610 |
1 |
|
|a межгрупповые отношения
|
| 610 |
1 |
|
|a социальные предубеждения
|
| 610 |
1 |
|
|a межгрупповые конфликты
|
| 610 |
1 |
|
|a учебники
|
| 686 |
|
|
|a Ю95я73
|v LBC/SL-A
|2 rubbk
|
| 700 |
|
1 |
|a Семечкин
|b Н. И.
|g Николай Иванович
|
| 801 |
|
1 |
|a RU
|b 63413507
|c 20040929
|g PSBO
|
| 801 |
|
2 |
|a RU
|b 63413507
|c 20170410
|g PSBO
|
| 900 |
|
|
|a Основы теории коммуникации
|
| 942 |
|
|
|c BK
|
| 959 |
|
|
|a 119/20040924
|d 2
|e 120
|f АНЛ:1
|f ЧЗГЛ:1
|